书目信息 |
| 题名: |
中国砚台图录
|
|
| 作者: | 杨代欣 编著 | |
| 分册: | ||
| 出版信息: | 乌鲁木齐 新疆人民出版社 2002 |
|
| 页数: | 234页 | |
| 开本: | 20cm | |
| 丛书名: | 中国收藏与鉴赏丛书 | |
| 单 册: | ||
| 中图分类: | K875.42 | |
| 科图分类: | ||
| 主题词: | 古砚--鉴赏--中国--图录 , 古砚--收藏--中国--图录 , CT--S026962--古砚 , CT--S068524--收藏 | |
| 电子资源: | ||
| ISBN: | 7-228-07026-7 | |
| 000 | 00950nam0 2200289 45 | |
| 001 | 002198326 | |
| 005 | 20031219104109.3 | |
| 010 | @a7-228-07026-7@dCNY42.00 | |
| 100 | @a20021128d2002 em y0chiy0110 ea | |
| 101 | 0 | @achi |
| 102 | @aCN@b650000 | |
| 105 | @aa z 000yy | |
| 106 | @ar | |
| 200 | 1 | @a中国砚台图录@9zhong guo yan tai tu lu@f杨代欣编著 |
| 210 | @a乌鲁木齐@c新疆人民出版社@d2002 | |
| 215 | @a234页@d20cm | |
| 225 | 2 | @a中国收藏与鉴赏丛书 |
| 330 | @a本书目的为普及和推广砚的收藏鉴赏知识,除收砚图近500幅,还对中国砚的发展简史,砚的构成与形制、种类、砚的价值与行情,砚的收藏和鉴定等进行了介绍。 | |
| 461 | 0 | @1001002198402@1@12001 @a中国收藏与鉴赏丛书 |
| 606 | 0 | @a古砚@x鉴赏@y中国@j图录 |
| 606 | 0 | @a古砚@x收藏@y中国@j图录 |
| 606 | 0 | @2CT@3S026962@a古砚 |
| 606 | 0 | @2CT@3S068524@a收藏 |
| 690 | @aK875.42@v4 | |
| 701 | 0 | @a杨代欣@9yang dai xin@4编著 |
| 801 | @aCN@bTSTC@c20030414 | |
| 905 | @b322589@dK875.42@e130@f1 | |
| 中国砚台图录/杨代欣编著.-乌鲁木齐:新疆人民出版社,2002 |
| 234页;20cm.-(中国收藏与鉴赏丛书) |
| ISBN 7-228-07026-7:CNY42.00 |
| 本书目的为普及和推广砚的收藏鉴赏知识,除收砚图近500幅,还对中国砚的发展简史,砚的构成与形制、种类、砚的价值与行情,砚的收藏和鉴定等进行了介绍。 |
| ● |
| 相关链接 |
|
|
|
|
正题名:中国砚台图录
索取号:K875.42/130
 
预约/预借
| 序号 | 登录号 | 条形码 | 馆藏地/架位号 | 状态 | 备注 |
| 1 | 0322589 | 203225893 | 第二样本阅览室/ [索取号:K875.42/130] | 在馆 |